Detalles MARC
| 000 -CABECERA |
| campo de control de longitud fija |
02150nam a2200313 i 4500 |
| 003 - IDENTIFICADOR DEL NÚMERO DE CONTROL |
| campo de control |
DO-SdBNP |
| 005 - FECHA Y HORA DE LA ÚLTIMA TRANSACCIÓN |
| campo de control |
20240705093136.0 |
| 007 - CAMPO FIJO DE DESCRIPCIÓN FÍSICA--INFORMACIÓN GENERAL |
| campo de control de longitud fija |
ta |
| 008 - DATOS DE LONGITUD FIJA--INFORMACIÓN GENERAL |
| campo de control de longitud fija |
240527e2023 dr a c|| |||| 00| e spa d |
| 020 ## - NÚMERO INTERNACIONAL ESTÁNDAR DEL LIBRO |
| Número Internacional Estándar del Libro |
9789945250596 |
| 040 ## - FUENTE DE LA CATALOGACIÓN |
| Centro catalogador/agencia de origen |
DO-SdBNP |
| Lengua de catalogación |
spa |
| Centro/agencia transcriptor |
BNPHU |
| Normas de descripción |
rda |
| 082 #4 - NÚMERO DE LA CLASIFICACIÓN DECIMAL DEWEY |
| Número de edición |
22 |
| 111 2# - ENTRADA PRINCIPAL--NOMBRE DE CONGRESO/REUNIÓN |
| Nombre de congreso/reunión o jurisdicción como elemento de entrada |
Seminario Internacional Santo Domingo 1821 - 2021. |
| Número del congreso/reunión o número de parte o sección |
(1: |
| Fecha del congreso/reunión |
2021: |
| Sede del congreso/Lugar de la reunión |
Santo Domingo, República Dominicana) |
| 9 (RLIN) |
85560 |
| 245 10 - MENCIÓN DE TÍTULO |
| Título |
Seminario Internacional Santo Domingo 1821 - 2021 : |
| Resto del título |
bicentenario de la independencia efímera, memorias / |
| Mención de responsabilidad, etc. |
edición, Dario Tejada |
| 246 13 - FORMA VARIANTE DE TÍTULO |
| Título propio/Titulo breve |
Seminario Internacional Santo Domingo 1821 - 2021 : |
| Resto del título |
memorias. |
| 264 #1 - PRODUCCIÓN, PUBLICACIÓN, DISTRIBUCIÓN, FABRICACIÓN Y COPYRIGHT |
| Producción, publicación, distribución, fabricación y copyright |
Santo Domingo : |
| Nombre del de productor, editor, distribuidor, fabricante |
Archivo General de la Nación, |
| Fecha de producción, publicación, distribución, fabricación o copyright |
2023. |
| 300 ## - DESCRIPCIÓN FÍSICA |
| Extensión |
391 páginas : |
| Otras características físicas |
ilustraciones y retratos ; |
| Dimensiones |
25 cm. |
| 336 ## - TIPO DE CONTENIDO |
| Fuente |
rdacontent |
| Término de tipo de contenido |
texto |
| Código de tipo de contenido |
txt |
| 337 ## - TIPO DE MEDIO |
| Fuente |
rdamedia |
| Nombre/término del tipo de medio |
sin mediación |
| Código del tipo de medio |
n |
| 338 ## - TIPO DE SOPORTE |
| Fuente |
rdacarrier |
| Nombre/término del tipo de soporte |
volumen |
| Código del tipo de soporte |
nc |
| 490 ## - MENCIÓN DE SERIE |
| Mención de serie |
Archivo General de la Nación ; |
| Designación de volumen o secuencia |
473 |
| 500 ## - NOTA GENERAL |
| Nota general |
Incluye referencias bibliográficas y notas al pie de las páginas. |
| 504 ## - NOTA DE BIBLIOGRAFÍA, ETC. |
| Nota de bibliografía, etc. |
Bibliografía : páginas 387 - 388 |
| 505 ## - NOTA DE CONTENIDO CON FORMATO |
| Nota de contenido con formato |
A modo de presentación. |
| Título |
Palabras de agradecimiento / |
| Mención de responsabilidad |
Raymundo González.-- |
| Título |
Palabras introductorias / |
| Mención de responsabilidad |
José Chez Checo.-- |
| Título |
1. Santo Domingo : De la Monarquía Hispánica a la Primera Independencia.-- |
| -- |
2. Contexto Internacional del Caribe y Crisis Coloniales en el Santo Domingo Español.-- |
| -- |
3. Repercusiones de la Revolución Haitiana en Santo Domingo en la época de la Proclamación del Estado Independiente de Haití Español integrado a la Gran Colombia.-- |
| -- |
4. Proceso Político, Ideologías y Proyectos sociopolíticos en las luchas de Independencia en Latinoamerica y el Caribe: Sus proyecciones.-- |
| -- |
5. La Independencia Efímera de 1821 en el Proceso de Independencia Dominicana.-- |
| -- |
6. Debate Histórico sobre la Independencia Efímera, Problemas de Historia Comprada y Feuntes de Invetigación en torno al Caribe en 1821.-- |
| -- |
7. Estudio Genealógico sobre Protagonistas de la Primera Independencia de Santo Domingo. |
| 590 ## - NOTA LOCAL (RLIN) |
| Nota local |
Inventariado 2024 / BT |
| 700 1# - PUNTO DE ACCESO ADICIONAL--NOMBRE DE PERSONA |
| Nombre de persona |
Tejeda, Dario, |
| 9 (RLIN) |
10145 |
| Término indicativo de función/relación |
edición |
| 910 ## - DATOS DE OPCIÓN DEL USUARIO (OCLC) |
| Datos de opción del usuario |
Btavárez |
| 942 ## - ELEMENTOS DE PUNTO DE ACCESO ADICIONAL (KOHA) |
| Fuente del sistema de clasificación o colocación |
Dewey Decimal Classification |
| Tipo de ítem Koha |
Libro |